16 Villes d'Europe en P et en images - Statistiques

Statistiques générales
  • Ce quiz a été pris 105 fois
  • Le résultat moyen est 7 sur 16
Statistiques - réponses
Par images Hint Réponse % Correct
France Paris
100%
Italie Pise
95%
Portugal Porto
95%
République Tchèque Prague
86%
France Poitiers
74%
Kosovo Pristina
64%
Italie Pompéi
47%
Royaume-Uni Plymouth
19%
Pologne Poznan
18%
Allemagne Potsdam
16%
Espagne Palma de Majorque
15%
Grèce Patras
14%
Russie Perm
14%
Bulgarie Plovdiv
14%
Hongrie Pecs
9%
Finlande Porvoo
1%
Aucun quiz correspondant
Distribution des résultats
% des personnes avec chaque résultat
Percentile par nombre de réponses
Votre historique - résultats
Vous n’avez pas pris ce quiz